Para el estructuralismo histórico /
Wedi'i Gadw mewn:
| Prif Awdur: | |
|---|---|
| Fformat: | Anhysbys |
| Iaith: | Spanish |
| Pynciau: | |
| Tagiau: |
Ychwanegu Tag
Dim Tagiau, Byddwch y cyntaf i dagio'r cofnod hwn!
|
MARC
| LEADER | 000000000a22000000004500 | ||
|---|---|---|---|
| 001 | 002352 | ||
| 041 | 0 | |a spa | |
| 100 | 1 | |a Castro Herrera, Nils | |
| 245 | 1 | 0 | |a Para el estructuralismo histórico / |c Nils Castro Herrera. |
| 310 | |a bimestral | ||
| 650 | 4 | |a ESTRUCTURALISMO | |
| 650 | 4 | |a HISTORIA | |
| 650 | 4 | |a HEGEL, GEORG WILHELM FRIEDRICH, 1770-1831 | |
| 650 | 4 | |a MARX, KARL, 1818-1883 | |
| 650 | 4 | |a IDEOLOGIA | |
| 650 | 4 | |a MARXISMO | |
| 650 | 4 | |a SINCRONIA | |
| 650 | 4 | |a DIACRONIA | |
| 650 | 4 | |a HISTORIA INTERNA | |
| 650 | 4 | |a HISTORIA EXTERNA | |
| 773 | 0 | |x 008-7157 |d Cuba : Casa de las Américas |t Casa de las Américas |g número 55 (1969), páginas 43-58 | |
| 942 | |c ARC | ||
| 999 | |c 9871 |d 9871 | ||
